000 01198nam a2200313 i 4500
001 000029263
003 DO-SdBNP
005 20250612135222.0
007 ta
008 110414s2008 dr d 000 0 spa d
040 _aDO-SdBNP
_bspa
_cBNPHU
_erda
041 _aspa
049 _aBNPD
082 4 _axxx
_bxxx
_222
100 1 _aCapellán, Rafael,
_eautor
_4aut.
_956150
245 1 0 _aEstudio del impacto de la liberación comercial en los sectores :
_bconvertidor de papel y empaques e industria gráficas como resultado de los TLCS /
_cRafael Capellán, Consuelo Cruz, Hecmilio Galván ; prólogo, Circe Almánzar Melgen
264 1 _aSanto Domingo :
_bCentro de Investigación Económica para el Caribe, Inc. (CIECA),
_c2008.
300 _a100 páginas :
_bgráficos ;
_c27 cm.
336 _atexto
_btxt
_2rdacontent
337 _asin mediación
_bn
_2rdamedia
338 _avolumen
_bnc
_2rdacarrier
504 _aBibliografía : páginas 100
590 _aInventariado, 2025/BT
700 1 _aCruz, Consuelo,
_eautor
_4aut.
_956151
700 1 _aGalván, Hecmilio,
_eautor
_4aut.
_933565
700 1 _aAlmánzar Melgen, Circe,
_eprologuista
_988091
910 _aBtavárez
942 _2ddc
_cLBS1
999 _c28755
_d28755